| 000 | 00739 a2200229 4500 | ||
|---|---|---|---|
| 003 | OSt | ||
| 005 | 20180116182714.0 | ||
| 008 | 160518b xxu||||| |||| 00| 0 eng d | ||
| 020 | _a9698095527 | ||
| 020 | _a9789698095529 | ||
| 040 | _c0 | ||
| 100 | _aSarwar,Gul Shahzad. | ||
| 245 | 0 | 0 |
_aPakistan studies. _cSarwar,Gul Shahzad. |
| 260 |
_a[S.l.] : _bTaher Sons, Karachi, _c1998. |
||
| 300 | _a1 v. (unpaged) | ||
| 500 | _aPaperback. | ||
| 600 | _aSarwar,Gul Shahzad. | ||
| 700 | _aSarwar,Gul Shahzad. | ||
| 856 | 4 | 0 |
_3Amazon.com _uhttp://www.amazon.com/exec/obidos/ASIN/9698095527/chopaconline-20 |
| 856 | 4 | 0 |
_3Amazon customer reviews _uhttp://www.chopac.org/cgi-bin/tools/azrev.pl?q=9698095527 |
| 942 |
_aNBS _cBK _k954.91 SAR _2ddc |
||
| 999 |
_c344485 _d344485 |
||